000 01093cam a2200265 a 4500
999 _c93000
_d93000
001 12590744
003 ARRUPE
005 20170612094108.0
008 011115s2004 njuc b 011 0 eng
010 _a 2001007103
020 _a0865439974
020 _a0865439982 (pbk.)
040 _aDLC
_cDLC
_dDLC
043 _af-nr---
050 0 0 _aDT515.57
_b.T73 2002
082 0 0 _a966.9
_221
245 0 4 _aThe transformation of Nigeria :
_bessays in honor of Toyin Falola /
_cedited by Adebayo Oyebade.
260 _aTrenton, NJ :
_bAfrica World Press,
_cc2002.
300 _axi, 638 p. :
_bport. ;
_c24 cm.
504 _aIncludes bibliographical references and index.
651 0 _aNigeria
_xHistory.
_98974
700 1 _aFalola, Toyin.
_932477
700 1 _aOyebade, Adebayo.
_932478
906 _a7
_bcbc
_corignew
_d1
_eecip
_f20
_gy-gencatlg
942 _2lcc
_cMONOGRAPH